| LEADER |
01436nam0a2200241 450 |
| 001 |
16868301 |
| 010 |
|
|
|a 978-2-8222-3163-3
|b cart.
|d 4,95
|
| 100 |
|
|
|a 20200220d2020 u u0frey01 ba
|
| 101 |
0 |
|
|a fre
|
| 102 |
|
|
|a FR
|
| 200 |
0 |
|
|a Coeur cerise
|f adaptation BD Véronique Grisseaux
|g dessin Raymond Sébastien, Anna Merli - d'après le roman de Cathy Cassidy
|
| 205 |
|
|
|a Nouvelle édition
|
| 207 |
|
1 |
|a
|
| 215 |
|
|
|a 1 vol. (46 p.)
|c illustrations en couleur
|d 31 x 23 cm
|
| 330 |
|
|
|a Cherry Costello, 13 ans, et son père Paddy sinstallent chez Charlotte, sa nouvelle compagne, dans une grande maison près de locéan dans le Sud de lAngleterre. Charlotte a déjà 4 filles : Coco, 11 ans, Summer et Skye, les jumelles de 12 ans et Honey, 14 ans. Cherry qui rêvait depuis longtemps davoir une grande famille, est heureuse et terrifiée à la fois ! Toute la nouvelle famille va participer à la création dune fabrique artisanale de chocolats.Mais la cohabitation ne va pas être aussi idyllique que ça
Cherry craque pour Shay, le petit ami dHoney
|
| 461 |
|
0 |
|t Les Filles au chocolat
|v 01
|
| 700 |
|
0 |
|a Grisseaux
|b Véronique
|f 1959-....
|4 70
|
| 701 |
|
0 |
|a Sébastien
|b Raymond
|4 440
|
| 701 |
|
0 |
|a Merli
|b Anna
|4 440
|
| 701 |
|
0 |
|a Cassidy
|b Cathy
|4 100
|
| 900 |
|
|
|a Bande Dessinée (enfants)
|
| 901 |
|
|
|a Jeunesse
|
| 995 |
|
|
|a Médiathèque
|c Médiathèque
|f 00156009390873
|h 00156009390873
|k BD FIL
|o p
|q j
|r az
|e Médiathèque
|